Algunas reflexiones en torno a la salud mental /

Uloženo v:
Podrobná bibliografie
Hlavní autor: Abarca, Sonia
Médium: Text
Témata:
Tagy: Přidat tag
Žádné tagy, Buďte první, kdo vytvoří štítek k tomuto záznamu!

MARC

LEADER 00000 a a2200000 04500
001 47622
003
040
090 |a REV0857 8 (23) 1982  
100 |a Abarca, Sonia  
245 |a Algunas reflexiones en torno a la salud mental /  |c Sonia Abarca  
650 |a SALUD MENTAL  
650 |a PSICOLOGIA  
650 |a IDEOLOGIAS  
650 |a FAMILIA  
650 |a IGLESIA  
650 |a ESCUELA  
773 |g volumen8, número23, setiembre-diciembre (1982)  
999 |c 29602  |d 29602